[Event "Moscow-ch (Women)"]
[Site "Moscow"]
[Date "2012.03.17"]
[Round "1"]
[White "Vlasova, Daria"]
[Black "Drozdova, Dina"]
[Result "0-1"]
[WhiteElo "1879"]
[BlackElo "2214"]
[PlyCount "104"]
[EventDate "2012.03.17"]
[EventType "swiss"]
[EventRounds "9"]
[EventCountry "RUS"]
[SourceTitle "CBM 147 Extra"]
[Source "ChessBase"]
[SourceDate "2012.04.24"]
[SourceVersion "1"]
[SourceVersionDate "2012.04.24"]
[SourceQuality "1"]

1. d4 g6 2. c4 Bg7 3. e4 Nc6 4. Nf3 e5 5. Be3 d6 6. d5 Nce7 7. Nc3 f5 8. Bd3 Nf6 9. Ng5 h6 10. Ne6 Bxe6 11. dxe6 0-0 12. Qb3 Ng4 13. Be2 Nxe3 14. fxe3 f4 15. 0-0-0 b6 16. Bf3 fxe3 17. Nd5 Bf6 18. Nxe3 Bg5 19. Kb1 Bxe3 20. Qxe3 Kg7 21. Rhf1 Nc6 22. Bg4 Qh4 23. h3 Qe7 24. Qg3 Rxf1 25. Rxf1 Rf8 26. Rxf8 Qxf8 27. b3 Qf4 28. Qd3 Qf2 29. Qf3 Qxf3 30. Bxf3 Kf6 31. Kc1 Nd4 32. Bg4 h5 33. Bd1 Nxe6 34. h4 g5 35. g3 gxh4 36. gxh4 Nf4 37. Bf3 Kg6 38. Kd2 Kh6 39. b4 Ng6 40. a4 Nxh4 41. Bh1 c5 42. a5 bxa5 43. b5 Kg5 44. Kc3 Kf4 45. Kb3 Ke3 46. Ka4 Kd4 47. Kxa5 Kxc4 48. Ka6 Kb4 49. b6 axb6 50. Kxb6 c4 51. Kc6 c3 52. Kxd6 c2 0-1

[Event "RUS-ch U14 Girls"]
[Site "Dagomys"]
[Date "2009.04.20"]
[Round "6"]
[White "Vlasova, Daria"]
[Black "Zavialova, Ekaterina"]
[Result "1-0"]
[WhiteElo "1922"]
[BlackElo "1785"]
[PlyCount "107"]
[EventDate "2009.04.15"]
[EventType "swiss"]
[EventRounds "9"]
[EventCountry "RUS"]
[SourceTitle "CBM 130 Extra"]
[Source "ChessBase"]
[SourceDate "2009.07.02"]
[SourceVersion "2"]
[SourceVersionDate "2009.07.15"]
[SourceQuality "1"]

1. Nf3 d5 2. b3 Nf6 3. Bb2 Bg4 4. e3 e6 5. h3 Bxf3 6. Qxf3 Nbd7 7. g4 e5 8. g5 Ne4 9. h4 c6 10. d3 Nec5 11. Nd2 Qe7 12. 0-0-0 0-0-0 13. Bh3 Kb8 14. d4 exd4 15. exd4 Ne6 16. Rhe1 h6 17. Qg3+ Ka8 18. g6 Re8 19. f4 Qd6 20. gxf7 Re7 21. Qg4 h5 22. Qf3 Nf6 23. Re5 Nd8 24. Nb1 Rxf7 25. Rde1 Qc7 26. Ba3 Ne4 27. Kb2 Qa5 28. Re2 Bxa3+ 29. Nxa3 Rhf8 30. f5 Nf6 31. Nc4 Qc7 32. Nd2 Rd7 33. Nf1 Nf7 34. Re6 Nh6 35. Ng3 Nfg4 36. Re8+ Rxe8 37. Rxe8+ Rd8 38. Rxd8+ Qxd8 39. Nxh5 Qxh4 40. Bxg4 Qxg4 41. Qxg4 Nxg4 42. Nxg7 Nf6 43. Kc3 Kb8 44. Kd3 Kc7 45. Ke3 Kd7 46. Kf4 Kd6 47. Kg5 Ke7 48. Nh5 Nxh5 49. Kxh5 Kf6 50. Kg4 b6 51. b4 a5 52. bxa5 bxa5 53. a4 Kf7 54. Kg5 1-0